Central Library OPAC University of Rajshahi

Changing perspectives in British foreign policy / (Record no. 1902)

MARC details
000 -LEADER
fixed length control field 01033pam a2200301 i 4500
001 - CONTROL NUMBER
control field 1902
003 - CONTROL NUMBER IDENTIFIER
rucl marc code BD-RjUL
005 - DATE AND TIME OF LATEST TRANSACTION
control field 20211208233434.0
008 - FIXED-LENGTH DATA ELEMENTS--GENERAL INFORMATION
fixed length control field 131209r1976 ctu b 000 0 eng
020 ## - INTERNATIONAL STANDARD BOOK NUMBER
International Standard Book Number 0837189624
035 ## - SYSTEM CONTROL NUMBER
System control number (BD-RjUL)1929
040 ## - CATALOGING SOURCE
Original cataloging agency DLC
Transcribing agency DLC
Modifying agency DLC
Language of cataloging eng
041 ## - LANGUAGE CODE
Language code of text/sound track or separate title eng
082 00 - DEWEY DECIMAL CLASSIFICATION NUMBER
Classification number 327.41
Edition number 16
Author mark and year yoc 1964
100 1# - MAIN ENTRY--PERSONAL NAME
Personal name Younger, Kenneth Gilmour,
Dates associated with a name 1908-
9 (RLIN) 6277
245 10 - TITLE STATEMENT
Title Changing perspectives in British foreign policy /
Statement of responsibility, etc. by Kenneth Younger.
260 ## - PUBLICATION, DISTRIBUTION, ETC. (IMPRINT)
Place of publication, distribution, etc. Westport, Conn. :
Name of publisher, distributor, etc. Greenwood Press,
Date of publication, distribution, etc. 1976, c1964.
300 ## - PHYSICAL DESCRIPTION
Pagination viii, 139 p. ;
Size 23 cm.
500 ## - GENERAL NOTE
General note Reprint of the ed. published by Oxford University Press, London, which was issued as no. 7 of Chatham House essays.
504 ## - BIBLIOGRAPHY, ETC. NOTE
Bibliography, etc Includes bibliographical references.
526 ## - STUDY PROGRAM INFORMATION NOTE
Requested Dept. Psychology
610 20 - SUBJECT ADDED ENTRY--CORPORATE NAME
Corporate name or jurisdiction name as entry element European Economic Community.
650 #0 - SUBJECT ADDED ENTRY--TOPICAL TERM
Topical term or geographic name as entry element World politics
Chronological subdivision 1945-1989.
9 (RLIN) 6279
651 #0 - SUBJECT ADDED ENTRY--GEOGRAPHIC NAME
Geographic name Great Britain
General subdivision Foreign relations
Chronological subdivision 1945-
9 (RLIN) 6280
942 ## - ADDED ENTRY ELEMENTS (KOHA)
Source of classification or shelving scheme Dewey Decimal Classification
Koha item type Books
Holdings
Lost status Source of classification or shelving scheme Damaged status Not for loan Collection code Permanent Location Current Location Shelving location Date acquired Source of acquisition Cost, normal purchase price Total Checkouts Full call number Date last seen Copy number Koha item type
  Dewey Decimal Classification   Not For Loan Non-fiction Central Library, University of Rajshahi Central Library, University of Rajshahi Reading Room 07/02/1967 Royal bg . com 7.12   327.41 YOC 1964 09/12/2013 C-1 Books
  Dewey Decimal Classification     Non-fiction Central Library, University of Rajshahi Central Library, University of Rajshahi   01/04/1967 Pak Ameriaca 7.12   327.41 YOC 1964 20/06/2016 C-2 Books